000 00605nas a2200205 4500
001 BR7310939
003 BR-BrBNA
005 20231205082713.0
007 ta
008 230509b bl.|||p| |||| 00| 00por d
040 _aBR-BrBNA
_bpor
_cBiblioteca Nacional de Agricultura
041 _a(Pt)
072 _aH00
110 1 _aInstituto de Pesquisas Agronomicas, Porto Alegre, RS (Brasil)
_96134
245 1 _aFungicidas
650 _aFUNGICIDA
773 0 _tIPAGRO Informa (Brazil)
_xISSN 0100-3410
_g(1973), (no. 8) p. 13-18
_wBR7310939
909 _a202311
_bLúcia
_c55
_dLúcia Elande
942 _2AGRIS
_n0
_cANA
999 _c93736
_d93736